Người đàn bà nắm quyền công lý : Tiểu thuyết /
Tallennettuna:
| Aineistotyyppi: | Sách giấy |
|---|---|
| Kieli: | Vietnamese |
| Julkaistu: |
Hà Nội :
Hội Nhà văn ,
1995
|
| Tagit: |
Lisää tagi
Ei tageja, Lisää ensimmäinen tagi!
|
| Thư viện lưu trữ: | Thư viện Trường Đại học Đà Lạt |
|---|
| LEADER | 00595nam a2200241 4500 | ||
|---|---|---|---|
| 001 | DLU020011789 | ||
| 005 | ##5/18/2000 | ||
| 020 | # | # | |a 978- |
| 041 | # | # | |a vie |
| 082 | # | # | |a 843 |b CA-G |
| 090 | # | # | |a 843 |b CA-G |
| 245 | # | # | |a Người đàn bà nắm quyền công lý : |b Tiểu thuyết / |c Vũ Đình Phòng, Cars Guy des |
| 260 | # | # | |a Hà Nội : |b Hội Nhà văn , |c 1995 |
| 300 | # | # | |a 239 tr.; |c 19 cm. |
| 992 | # | # | |a 14000 |
| 994 | # | # | |a DLU |
| 900 | # | # | |a False |
| 911 | # | # | |a Administrator |
| 925 | # | # | |a G |
| 926 | # | # | |a A |
| 927 | # | # | |a SH |
| 980 | # | # | |a Thư viện Trường Đại học Đà Lạt |